000
00215nam a22000857a 4500
008
170626b xxu||||| |||| 00| 0 eng d
100
_9
3716
_a
Mathur. S
245
_a
Indian Vegetarian Delicaties
260
_a
New Delhi
_c
2003
999
_c
7138
_d
7138